[Event "15th LCC Super Rapid 2025"]
[Site "London ENG"]
[Date "2025.12.06"]
[Round "5.21"]
[White "Josse, Mark"]
[Black "Aizenberg, Benny"]
[Result "1/2-1/2"]
[WhiteTitle "CM"]
[BlackTitle "IM"]
[WhiteElo "2107"]
[BlackElo "2444"]
[WhiteFideId "414476"]
[BlackFideId "2821125"]
[EventDate "2025.12.06"]

1. c4 e5 2. Nc3 Nf6 3. Nf3 Nc6 4. e3 Bb4 5. Qc2 Bxc3 6. Qxc3 Qe7 7. a3 d5 8. d4
exd4 9. Nxd4 Nxd4 10. Qxd4 c5 11. Qh4 g5 12. Qxg5 Rg8 13. Qh4 Rg4 14. Qh6 Rg6
15. Qh4 Rg4 16. Qh6 dxc4 17. h3 Rg6 18. Qh4 Be6 19. Bd2 b5 20. a4 b4 21. Bxc4
Bxc4 22. Qxc4 Rxg2 23. Bxb4 Ne4 24. O-O-O Rb8 25. Bc3 Nxf2 26. Qf4 Rb6 27. Rd2
Nxh3 28. Rxh3 Rg1+ 29. Kc2 Qe6 30. Qe5 Qxe5 31. Bxe5 h6 32. Rg3 Ra1 33. b3 Ra2+
34. Kc3 Rxd2 35. Kxd2 Rxb3 36. Rg4 Kd7 37. Rc4 Ra3 38. Bc3 Ra2+ 39. Kd3 Kd6 40.
a5 f5 41. Rf4 Ke6 42. Bd2 h5 43. Ke2 Rb2 44. Rh4 Ke5 45. Kd3 Ra2 46. Rxh5 c4+
47. Kc3 Rxa5 48. Kxc4 Ra2 49. Bc3+ Ke4 50. Bd4 Rc2+ 51. Kb3 Rc7 52. Rh4+ Kd5 53.
Rf4 Ke6 54. Rh4 Kd5 55. Rf4 Ke6 56. Bc3 Rh7 57. Ra4 Rh3 58. Ra6+ Kd5 59. Ra5+
Ke4 60. Re5+ Kd3 61. Rxf5 Rxe3 62. Rd5+ Ke4 63. Ra5 Rf3 64. Rxa7 Rf8 65. Rc7 Kd5
66. Rh7 Rb8+ 67. Bb4 Rc8 68. Rh5+ Kd4 69. Rh7 Kd5 70. Bc3 Rb8+ 71. Kc2 Rg8 72.
Rd7+ Kc4 73. Rd4+ Kc5 74. Rh4 Kd5 75. Bd2 Rg3 76. Bc3 Rg8 77. Kb3 Rb8+ 78. Bb4
Rc8 79. Bc3 Rb8+ 80. Kc2 Rg8 1/2-1/2

[Event "15th LCC Super Rapid 2025"]
[Site "London ENG"]
[Date "2025.12.06"]
[Round "5.22"]
[White "Rendle, Thomas E"]
[Black "Lucchi, Lorenzo"]
[Result "1-0"]
[WhiteTitle "IM"]
[WhiteElo "2370"]
[BlackElo "2006"]
[WhiteFideId "408760"]
[BlackFideId "821160"]
[EventDate "2025.12.06"]

1. d4 d5 2. c4 e6 3. Nf3 c5 4. cxd5 exd5 5. g3 Nc6 6. Bg2 Nf6 7. O-O cxd4 8.
Nxd4 Bc5 9. Nb3 Bb6 10. Nc3 d4 11. Na4 O-O 12. Bg5 Be6 13. Rc1 h6 14. Bxf6 Qxf6
15. Nac5 Qe7 16. Nxb7 Bxb3 17. Qxb3 Ne5 18. Qd5 Rab8 19. Nd6 Rfd8 20. Nf5 Qf6
21. Qe4 d3 22. exd3 Nxd3 23. Rc2 Nc5 24. Qg4 h5 25. Qf3 Nd3 26. Rc6 Ne5 27. Rxf6
Nxf3+ 28. Bxf3 gxf6 29. Ne7+ Kg7 30. Nc6 h4 31. gxh4 Rg8 32. Nxb8 Kh6+ 33. Kh1
Rxb8 34. b3 Rc8 35. Kg2 Rc2 36. a4 Rd2 37. Be4 Bc5 38. Kg3 Rd4 39. Kf3 Rb4 40.
Bd5 Bd6 41. Bc4 Bxh2 42. Rd1 Rb7 43. Rd8 Re7 44. Kg4 Bc7 45. Rc8 Re4+ 46. Kf3
Rf4+ 47. Ke3 Be5 48. Rf8 Rxh4 49. Rxf7 Bd4+ 50. Kd3 Rf4 51. f3 Bb6 52. Ke2 Kg6
53. Rb7 Rh4 54. Bf7+ Kg5 55. a5 Rh2+ 56. Kd3 Bg1 57. Rb4 f5 58. Rb5 Rf2 59. Bd5
Kf6 60. b4 Rb2 61. Kc3 Rb1 62. Bb7 Rc1+ 63. Kd3 f4 64. Be4 Be3 65. Rh5 Ra1 66.
Kc4 Ke7 67. Kd5 Ra4 68. Rh7+ Kf6 69. Rb7 Kg5 70. Ke5 Kh4 71. Kd5 Kg3 72. Kc4 Kf2
73. Kc3 Ra1 74. Kc4 Ra4 75. Kb5 Ra3 76. Ka6 Ra1 77. Bd5 Rd1 78. Bc6 Rd6 79. b5
Rd2 80. Rxa7 1-0

[Event "15th LCC Super Rapid 2025"]
[Site "London ENG"]
[Date "2025.12.06"]
[Round "5.23"]
[White "Bonn, Thomas"]
[Black "Tulchynskyi, Feliks"]
[Result "0-1"]
[BlackTitle "IM"]
[WhiteElo "2090"]
[BlackElo "2409"]
[WhiteFideId "638242"]
[BlackFideId "34127895"]
[EventDate "2025.12.06"]

1. e4 e5 2. Nf3 Nc6 3. Bb5 a6 4. Ba4 Nf6 5. O-O Be7 6. Re1 b5 7. Bb3 O-O 8. a4
Bb7 9. d3 d6 10. c3 Na5 11. Ba2 c5 12. Nbd2 Nc6 13. Nf1 d5 14. exd5 Nxd5 15.
Nxe5 Nxe5 16. Rxe5 Qd6 17. Re1 Rae8 18. Ng3 Qc6 19. Qf3 Qd7 20. Qf5 Qd8 21. Bd2
g6 22. Qf3 Qd7 23. Bh6 Nxc3 24. Ne4 Nxa2 25. Bxf8 Rxf8 26. Rxa2 f5 27. Qh3 c4
28. axb5 cxd3 29. Nc3 axb5 30. Ra7 b4 31. Nd5 Bc5 32. Rxb7 Qxb7 33. Qxd3 Qa7 34.
Kf1 Qf7 35. Qc4 Bd6 36. b3 Rd8 37. h3 Bf8 38. Nf6+ Kg7 0-1

[Event "15th LCC Super Rapid 2025"]
[Site "London ENG"]
[Date "2025.12.06"]
[Round "5.24"]
[White "Gasanov, Eldar"]
[Black "Dasgupta, Avyukt"]
[Result "1-0"]
[WhiteTitle "GM"]
[BlackTitle "CM"]
[WhiteElo "2447"]
[BlackElo "2145"]
[WhiteFideId "14104466"]
[BlackFideId "480630"]
[EventDate "2025.12.06"]

1. c4 Nf6 2. d4 c6 3. Bf4 d5 4. e3 Qb6 5. Qc2 g6 6. Bd3 dxc4 7. Bxc4 Bf5 8. Qe2
Bxb1 9. Rxb1 e6 10. Nf3 Qa5+ 11. Kf1 Nbd7 12. h3 Bg7 13. Kg1 O-O 14. Kh2 Rfe8
15. b4 Qb6 16. e4 a6 17. Rhd1 Nh5 18. Be3 Qc7+ 19. g3 Nhf6 20. Bf4 Qb6 21. g4
Nf8 22. Bg3 h6 23. Rd2 Rad8 24. a3 N6h7 25. Qe3 Ng5 26. Nxg5 hxg5 27. Rbd1 Nh7
28. Kg2 Rd7 29. Kf3 Red8 30. d5 Qxe3+ 31. fxe3 cxd5 32. exd5 b5 33. Bb3 exd5 34.
Rxd5 Rxd5 35. Bxd5 Rd7 36. e4 Bb2 37. Rd3 Nf6 38. Rb3 Bd4 39. Bc6 Rd8 40. Rd3
Kf8 41. Bc7 Rc8 42. Bd6+ Kg7 43. Bb7 Rc3 44. Rxc3 Bxc3 45. Bxa6 Bb2 46. Bxb5
Bxa3 47. Bc6 Ng8 48. e5 f5 49. b5 fxg4+ 50. hxg4 Bxd6 51. exd6 Nh6 52. Bd5 1-0

[Event "15th LCC Super Rapid 2025"]
[Site "London ENG"]
[Date "2025.12.06"]
[Round "5.25"]
[White "Kapechun, Mikhailo"]
[Black "Royal, Shreyas"]
[Result "0-1"]
[BlackTitle "GM"]
[WhiteElo "2174"]
[BlackElo "2495"]
[WhiteFideId "34147527"]
[BlackFideId "448869"]
[EventDate "2025.12.06"]

1. e4 c5 2. d4 cxd4 3. Qxd4 Nc6 4. Qd3 g6 5. Nc3 Bg7 6. Nf3 Nf6 7. Be2 O-O 8.
O-O d6 9. Nd5 Nd7 10. c3 Nc5 11. Qc2 e6 12. Nf4 b6 13. Rd1 Qe7 14. Nd4 Bb7 15.
Bf3 Ne5 16. Re1 Nxf3+ 17. Nxf3 Rac8 18. Bd2 b5 19. Rad1 a5 20. h4 h6 21. c4 a4
22. Bc3 Bxc3 23. bxc3 bxc4 24. Rd4 e5 25. Nd5 Bxd5 26. Rxd5 Kg7 27. Red1 Rc6 28.
h5 Rb8 29. hxg6 fxg6 30. Nd2 Qh4 31. Nxc4 Qxe4 32. Qxe4 Nxe4 33. Na5 Ra6 34. Nc4
Rc6 35. Na5 Rc7 36. R1d3 Rb1+ 37. Rd1 Nxc3 38. Rxb1 Nxd5 39. Rd1 Nc3 40. Rxd6
Nxa2 41. Ra6 Nb4 42. Ra8 a3 43. Nb3 a2 44. Kh2 Rc3 45. Ra7+ Kf6 46. Nd2 Rc1 47.
Ne4+ Ke6 48. Ra4 a1=Q 49. Rxb4 Rh1+ 0-1

[Event "15th LCC Super Rapid 2025"]
[Site "London ENG"]
[Date "2025.12.06"]
[Round "5.26"]
[White "Roebers, Eline"]
[Black "Lau, Lut Yin Luke"]
[Result "1-0"]
[WhiteTitle "IM"]
[BlackTitle "CM"]
[WhiteElo "2392"]
[BlackElo "2243"]
[WhiteFideId "1058401"]
[BlackFideId "6002226"]
[EventDate "2025.12.06"]

1. e4 g6 2. d4 Bg7 3. Nc3 d5 4. Nf3 dxe4 5. Nxe4 Nd7 6. Bc4 Ngf6 7. Neg5 O-O 8.
Nxf7 Rxf7 9. Ng5 e6 10. Bxe6 Ne5 11. Bxc8 Qxc8 12. dxe5 Re7 13. f4 Qe8 14. O-O
Rd8 15. Qf3 Nd5 16. Bd2 Qc6 17. Rad1 Rf8 18. Qb3 Kh8 19. c4 Nxf4 20. Rxf4 Rxf4
21. Bxf4 h6 22. Rd8+ Re8 23. Rxe8+ Qxe8 24. Nf3 1-0

[Event "15th LCC Super Rapid 2025"]
[Site "London ENG"]
[Date "2025.12.06"]
[Round "5.27"]
[White "Bulmaga, Irina"]
[Black "Quilter, Thomas A"]
[Result "1-0"]
[WhiteTitle "IM"]
[BlackTitle "CM"]
[WhiteElo "2386"]
[BlackElo "2162"]
[WhiteFideId "13903063"]
[BlackFideId "408530"]
[EventDate "2025.12.06"]

1. e4 d5 2. exd5 c6 3. dxc6 Nxc6 4. Nf3 e5 5. Nc3 Bd6 6. Bc4 Bg4 7. h3 Bh5 8. d3
h6 9. Ne4 Bc7 10. Ng3 Bg6 11. O-O Nf6 12. Nh4 Bh7 13. Nhf5 O-O 14. a3 Rc8 15.
Qf3 e4 16. Qe2 Re8 17. dxe4 Nxe4 18. Qg4 Ng5 19. f4 Bxf5 20. Nxf5 Re4 21. Bd3
Ra4 22. b3 Rd4 23. Nxd4 Qxd4+ 24. Kh1 Ne6 25. Rb1 Rd8 26. Bb2 Qd6 27. Rbd1 Kf8
28. Bf5 Qe7 29. Rde1 Rd6 30. Bxg7+ Ke8 31. Bxe6 Rxe6 32. Rxe6 fxe6 33. Qg6+ Kd7
34. Rd1+ Kc8 35. Bf6 Qf8 36. Be5 Bxe5 37. Qxe6+ Kb8 38. fxe5 Qf2 39. Qd6+ Kc8
40. e6 Qf6 41. b4 a6 42. a4 Ne5 43. e7 Qh8 44. Qd8+ 1-0

[Event "15th LCC Super Rapid 2025"]
[Site "London ENG"]
[Date "2025.12.06"]
[Round "5.28"]
[White "Stefanova, Antoaneta"]
[Black "Keerthi Kumar, Advait"]
[Result "1-0"]
[WhiteTitle "GM"]
[WhiteElo "2391"]
[BlackElo "1968"]
[WhiteFideId "2902257"]
[BlackFideId "498033"]
[EventDate "2025.12.06"]

1. d4 Nf6 2. Nf3 g6 3. g3 Bg7 4. Bg2 O-O 5. O-O d5 6. Be3 c6 7. Qc1 Bf5 8. h3
Qc8 9. Kh2 h5 10. Nh4 Be6 11. Nc3 Nbd7 12. f4 Bf5 13. Nxf5 gxf5 14. Bf3 Ne4 15.
Bxh5 Ndf6 16. Bf3 Qe6 17. Bxe4 dxe4 18. Nd1 Nd5 19. c3 Rfd8 20. Bf2 Qg6 21. Ne3
b5 22. Nxd5 cxd5 23. Rg1 Qh5 24. g4 Qh7 25. gxf5 Qxf5 26. Rg5 Qf6 27. Qe3 Kh7
28. Rag1 Bh6 29. Rh5 Rg8 30. Bh4 Qd6 31. Bg5 Rg6 32. Rg4 Rh8 33. Bxh6 Rxh6 34.
Rxh6+ Kxh6 35. Qg3 Kh7 36. Rg7+ 1-0

[Event "15th LCC Super Rapid 2025"]
[Site "London ENG"]
[Date "2025.12.06"]
[Round "5.29"]
[White "Gurevich, Artjom"]
[Black "Nainys, Zanas"]
[Result "0-1"]
[WhiteElo "2163"]
[BlackElo "2320"]
[WhiteFideId "2603870"]
[BlackFideId "12844098"]
[EventDate "2025.12.06"]

1. d4 d5 2. Nf3 Nf6 3. c4 e6 4. g3 Ne4 5. Bg2 f5 6. O-O Be7 7. Ne5 Nd7 8. Nxd7
Bxd7 9. cxd5 exd5 10. Qb3 Bc6 11. Nc3 Bf6 12. Rd1 Qd7 13. Bf4 Nxc3 14. Qxc3 g5
15. Qe3+ Qe7 16. Qxe7+ Kxe7 17. Bxc7 Rac8 18. Be5 Bxe5 19. dxe5 Ke6 20. f4 gxf4
21. gxf4 Rhg8 22. Kf2 Rg4 23. Rd4 Rcg8 24. Bf3 Rh4 25. Rh1 a5 26. h3 Rh6 27. h4
Rhg6 28. Rhd1 Rd8 29. h5 Rg7 30. Bg2 Rg4 31. a3 a4 32. R1d3 Rh4 33. Bf3 Rg8 34.
Rxd5 Rxf4 35. Rd6+ Kxe5 36. Ke3 Rc4 37. Bd5 Rg3+ 38. Bf3 Rh3 39. h6 Rc2 40. Rd8
Rxf3+ 41. exf3 f4# 0-1

[Event "15th LCC Super Rapid 2025"]
[Site "London ENG"]
[Date "2025.12.06"]
[Round "5.30"]
[White "Balaji, Aaravamudhan"]
[Black "White, Stuart A"]
[Result "1-0"]
[WhiteTitle "IM"]
[WhiteElo "2305"]
[BlackElo "2059"]
[WhiteFideId "436224"]
[BlackFideId "407747"]
[EventDate "2025.12.06"]

1. d4 d5 2. c4 c6 3. cxd5 cxd5 4. Bf4 Nc6 5. e3 Nf6 6. Nc3 a6 7. Bd3 Bg4 8. Nge2
e6 9. Qb3 Na5 10. Qc2 Bd6 11. O-O O-O 12. Bxd6 Qxd6 13. Nf4 e5 14. dxe5 Qxe5 15.
h3 Bd7 16. Rad1 d4 17. Ne4 Nxe4 18. Bxe4 Bb5 19. Bxh7+ Kh8 20. Bd3 dxe3 21. fxe3
Qxe3+ 22. Kh1 Rac8 23. Qb1 Nc4 24. Bxc4 Bxc4 25. Rf3 Qe5 26. b3 Bb5 27. Rd5 1-0

[Event "15th LCC Super Rapid 2025"]
[Site "London ENG"]
[Date "2025.12.06"]
[Round "5.31"]
[White "Larchikov, Maksym"]
[Black "Hunt, Harriet V"]
[Result "1-0"]
[BlackTitle "IM"]
[WhiteElo "2149"]
[BlackElo "2288"]
[WhiteFideId "34120815"]
[BlackFideId "403512"]
[EventDate "2025.12.06"]

1. d4 Nf6 2. c4 e6 3. Nf3 b6 4. g3 Ba6 5. b3 Bb4+ 6. Bd2 Be7 7. Bg2 d5 8. Ne5
Bb7 9. O-O Nbd7 10. Nc3 h6 11. Nxd7 Qxd7 12. Qc2 O-O 13. Rad1 Rfd8 14. Bf4 Bb4
15. Nb1 Rac8 16. c5 bxc5 17. a3 Ba5 18. dxc5 c6 19. Nd2 Ba6 20. Nf3 Bc7 21. Qb2
Qe7 22. b4 Re8 23. Be5 Nh5 24. Rfe1 f6 25. Bxc7 Qxc7 26. e3 Rb8 27. g4 Nf4 28.
exf4 Qxf4 29. h3 Qc7 30. Nd4 Bc8 31. Qc3 Bd7 32. Qg3 e5 33. Nf5 Bxf5 34. gxf5 a5
35. Rb1 axb4 36. axb4 Rb7 37. b5 Rxb5 38. Rxb5 cxb5 39. Bxd5+ Kh8 40. Rc1 Rd8
41. Qb3 Qd7 42. Be4 Qd2 43. Qe3 Qa5 44. c6 Qc7 45. Rb1 Qa5 46. Qc5 Qd2 47. c7
Rc8 48. Bg2 Qd7 49. Rc1 Qxf5 50. Qxb5 Qg5 51. Rc2 Qf5 52. Qc6 Qd3 53. Rc1 Qd2
54. Qc3 Qg5 55. Qe3 Qg6 56. Kh2 Qf7 57. Qc3 Qa2 58. Rc2 Qa7 59. Qc4 Qb6 60. Be4
Qd6 61. Bf5 e4+ 62. Kg2 Qf4 63. Qxe4 Qg5+ 64. Qg4 Ra8 1-0

[Event "15th LCC Super Rapid 2025"]
[Site "London ENG"]
[Date "2025.12.06"]
[Round "5.32"]
[White "Finn, Peter"]
[Black "McPhillips, Joseph"]
[Result "1-0"]
[WhiteTitle "CM"]
[BlackTitle "IM"]
[WhiteElo "2200"]
[BlackElo "2388"]
[WhiteFideId "432156"]
[BlackFideId "422487"]
[EventDate "2025.12.06"]

1. d4 Nf6 2. c4 e6 3. Nc3 Bb4 4. Qc2 c5 5. e3 Qa5 6. Bd2 O-O 7. Nf3 d5 8. cxd5
exd5 9. Bd3 c4 10. Bf5 Nbd7 11. O-O g6 12. a3 Be7 13. Bh3 Qc7 14. b3 Nb6 15.
Bxc8 Raxc8 16. Ne5 Nfd7 17. f4 Nxe5 18. fxe5 f6 19. exf6 Bxf6 20. Nb5 Qd7 21.
Nxa7 Ra8 22. Bb4 Rf7 23. Bc5 Bd8 24. Rxf7 Kxf7 25. Rf1+ Kg7 26. Qf2 Qe8 27. Nb5
Bg5 28. Kh1 Qxb5 29. Bf8+ Kh8 30. Qf7 Qd7 31. Bg7# 1-0

[Event "15th LCC Super Rapid 2025"]
[Site "London ENG"]
[Date "2025.12.06"]
[Round "5.33"]
[White "Willow, Jonah B"]
[Black "Yoon, Jacob D"]
[Result "1-0"]
[WhiteTitle "IM"]
[BlackTitle "CM"]
[WhiteElo "2472"]
[BlackElo "2160"]
[WhiteFideId "438804"]
[BlackFideId "446076"]
[EventDate "2025.12.06"]

1. e4 c6 2. d4 d5 3. e5 c5 4. Nf3 cxd4 5. Qxd4 Nc6 6. Qf4 e6 7. Nc3 Nge7 8. h4
h5 9. Bd3 Nf5 10. O-O Be7 11. Bxf5 exf5 12. Qg3 g6 13. Bg5 a6 14. Rad1 Be6 15.
Ne2 Qb6 16. Ned4 Nxd4 17. Nxd4 Bxg5 18. Qxg5 O-O 19. Rd3 Kh7 20. Rfd1 Rae8 21.
Rb3 Qc7 22. f4 b5 23. Rc3 Qa7 24. Kh2 Rc8 25. Rg3 Rfe8 26. Rgd3 Qc5 27. Rc3 Qb6
28. Rxc8 Rxc8 29. c3 b4 30. cxb4 Qxb4 31. Qf6 Qb6 32. Rd3 Rc1 33. Nf3 Qb4 34.
Ng5+ Kg8 35. Nxe6 fxe6 36. Qxg6+ Kh8 37. Qxh5+ Kg7 38. Rg3+ Kf8 39. Qh8+ 1-0

[Event "15th LCC Super Rapid 2025"]
[Site "London ENG"]
[Date "2025.12.06"]
[Round "5.34"]
[White "Eames, Robert S"]
[Black "Ciolek, Andreas"]
[Result "1-0"]
[WhiteTitle "FM"]
[BlackTitle "FM"]
[WhiteElo "2110"]
[BlackElo "2206"]
[WhiteFideId "408743"]
[BlackFideId "12906727"]
[EventDate "2025.12.06"]

1. e4 c5 2. Nf3 e6 3. d4 cxd4 4. Nxd4 Nc6 5. Nc3 Qc7 6. Be3 a6 7. Qd2 Nf6 8.
O-O-O Be7 9. f3 b5 10. Nxc6 dxc6 11. g4 e5 12. h4 Be6 13. Bh3 b4 14. Na4 c5 15.
g5 Nh5 16. Qg2 g6 17. Bxe6 fxe6 18. Qg4 Qc6 19. b3 c4 20. Kb1 Rb8 21. Nb2 c3 22.
Nc4 Rb5 23. Rd6 Qc7 24. Rxe6 O-O 25. Rxa6 Ng7 26. Ra7 Rb7 27. Rxb7 Qxb7 28. Rd1
Qa6 29. Rd5 Rc8 30. Qd7 Bf8 31. Ra5 Qe6 32. Qxe6+ Nxe6 33. Rxe5 Kf7 34. Rd5 Rc6
35. Ne5+ 1-0

[Event "15th LCC Super Rapid 2025"]
[Site "London ENG"]
[Date "2025.12.06"]
[Round "5.35"]
[White "Batchelor, Mark"]
[Black "Siva, Mahadevan"]
[Result "0-1"]
[BlackTitle "IM"]
[WhiteElo "1814"]
[BlackElo "2424"]
[WhiteFideId "343452213"]
[BlackFideId "25043153"]
[EventDate "2025.12.06"]

1. d4 Nf6 2. c4 g6 3. Nc3 Bg7 4. e4 d6 5. Nf3 O-O 6. Be2 Nbd7 7. O-O e5 8. d5
Nc5 9. Qc2 a5 10. a3 a4 11. Be3 Nb3 12. Rad1 Bd7 13. h3 Nh5 14. Nd2 Nd4 15. Qd3
Nf4 16. Bxf4 exf4 17. Bg4 f5 18. exf5 gxf5 19. Be2 Be5 20. Nf3 Nxf3+ 21. Bxf3
Qf6 22. Rc1 Ra6 23. Rfe1 Rb6 24. Re2 Rb3 25. Kf1 Ra8 26. Rd2 b5 27. Bd1 bxc4 28.
Qxc4 Bxc3 29. Rxc3 Bb5 30. Bxb3 Bxc4+ 31. Bxc4 Rb8 32. Rcc2 f3 33. gxf3 Qh4 34.
Ke1 Qxh3 35. Rd3 Re8+ 36. Kd2 Qf1 37. Kc3 Qe1+ 38. Rdd2 h5 39. b3 h4 40. Kb2 h3 0-1

[Event "15th LCC Super Rapid 2025"]
[Site "London ENG"]
[Date "2025.12.06"]
[Round "5.36"]
[White "Stephan, Axel"]
[Black "Murawski, Jan"]
[Result "0-1"]
[BlackTitle "CM"]
[WhiteElo "2228"]
[BlackElo "2225"]
[WhiteFideId "4632834"]
[BlackFideId "21009287"]
[EventDate "2025.12.06"]

1. e4 e5 2. Nf3 Nc6 3. Bb5 Nf6 4. Qe2 a6 5. Ba4 b5 6. Bb3 Be7 7. c3 O-O 8. a4
Bb7 9. O-O d5 10. d3 dxe4 11. dxe4 b4 12. Rd1 Qc8 13. h3 Na5 14. Bc2 c5 15. Nxe5
Qe6 16. f4 Rac8 17. Nd2 Rfd8 18. Re1 c4 19. Ndf3 Bc5+ 20. Kh2 Nb3 21. Rb1 Nxc1
22. Rbxc1 b3 23. Bb1 Ba7 24. Ng5 Qe7 25. Ngxf7 Rf8 26. Ng5 Bb8 27. Ngf3 Nh5 28.
g3 Nxf4 29. gxf4 Rxf4 30. Kh1 Bxe5 31. Rg1 Qe6 32. Qg2 Rcf8 33. Rcf1 g6 34. Ng5
Qe7 35. Rxf4 Rxf4 36. Qe2 Qc5 37. Ne6 Rf2 38. Nxc5 Rxe2 39. Rg2 Re1+ 40. Rg1
Rxg1+ 41. Kxg1 Bc8 42. a5 Bc7 43. e5 Bxa5 44. Be4 Bb6 45. Bd5+ 0-1

[Event "15th LCC Super Rapid 2025"]
[Site "London ENG"]
[Date "2025.12.06"]
[Round "5.37"]
[White "Blake, J Morgan"]
[Black "Gaal, Zsoka"]
[Result "0-1"]
[WhiteTitle "CM"]
[BlackTitle "IM"]
[WhiteElo "2065"]
[BlackElo "2383"]
[WhiteFideId "423394"]
[BlackFideId "777765"]
[EventDate "2025.12.06"]

1. e4 e6 2. d4 d5 3. Nc3 Bb4 4. e5 c5 5. a3 Bxc3+ 6. bxc3 Ne7 7. a4 Qa5 8. Bd2
Nbc6 9. Nf3 Bd7 10. c4 Qc7 11. c3 dxc4 12. Be2 Na5 13. O-O Nd5 14. Ng5 cxd4 15.
cxd4 c3 16. Rc1 Qd8 17. Rxc3 Nxc3 18. Bxc3 Qxg5 19. Bxa5 O-O 20. Bf3 Rac8 21.
Bb4 Rfd8 22. Qb1 Bxa4 23. Bxb7 Rb8 24. f4 Qg6 25. Bd6 Qxb1 26. Rxb1 Bc6 27. Bxb8
Rxb8 28. Ra1 Rxb7 0-1

[Event "15th LCC Super Rapid 2025"]
[Site "London ENG"]
[Date "2025.12.06"]
[Round "5.38"]
[White "Udovenko, Daniel"]
[Black "Golding, Alex"]
[Result "0-1"]
[BlackTitle "IM"]
[WhiteElo "1927"]
[BlackElo "2370"]
[WhiteFideId "30957508"]
[BlackFideId "427241"]
[EventDate "2025.12.06"]

1. e4 e5 2. Nc3 d6 3. Nf3 Bg4 4. Be2 Nc6 5. h3 Bxf3 6. Bxf3 g6 7. Ne2 Bg7 8. c3
Nf6 9. d3 O-O 10. O-O h6 11. Be3 a5 12. a4 Qd7 13. d4 exd4 14. cxd4 Rfe8 15. Nc3
Nh7 16. h4 h5 17. Nd5 Ne7 18. Nf4 c6 19. Qb3 Nf8 20. Rfd1 Ne6 21. Nxe6 fxe6 22.
d5 exd5 23. exd5 c5 24. g3 Nf5 25. Bf4 Nd4 26. Rxd4 Bxd4 27. Qd3 Kg7 28. Be4 Rf8
29. Qd2 Rf7 30. Kg2 Rxf4 31. gxf4 Qg4+ 32. Kh2 Qxh4+ 33. Kg2 Rf8 34. Ra3 Rxf4
35. Bf3 Qg5+ 36. Kf1 Qf5 37. Qe2 Qf7 38. Rb3 g5 39. Qd2 g4 40. Rxb7 Qxb7 41.
Qxf4 gxf3 42. Qg5+ Kf8 43. Qh6+ Bg7 44. Qxd6+ Qe7 45. Qb8+ Kf7 46. Qf4+ Qf6 47.
Qe4 h4 48. Qg4 Bh6 49. d6 Qxd6 50. Qxf3+ Qf6 51. Qh5+ Kg7 52. Qxc5 Bf4 53. Qxa5
h3 54. Qa7+ Kh6 55. Qb7 h2 56. Qg2 Qa6+ 57. Ke1 Qe6+ 58. Kf1 Qc4+ 59. Ke1 Qc1+
60. Ke2 h1=Q 0-1

[Event "15th LCC Super Rapid 2025"]
[Site "London ENG"]
[Date "2025.12.06"]
[Round "5.39"]
[White "Noy, Eyal"]
[Black "Sommerbauer-Cornell, Ben"]
[Result "1-0"]
[WhiteTitle "FM"]
[WhiteElo "2275"]
[BlackElo "1985"]
[WhiteFideId "2821117"]
[BlackFideId "494712"]
[EventDate "2025.12.06"]

1. e4 c5 2. Nf3 e6 3. d4 cxd4 4. Nxd4 a6 5. c4 Qc7 6. Nc3 Nf6 7. Be3 Bb4 8. Bd3
Nc6 9. Rc1 O-O 10. a3 Be7 11. O-O d6 12. b4 Qb8 13. h3 Rd8 14. f4 e5 15. Nf3
exf4 16. Bxf4 Ne5 17. Bg5 b5 18. Nd5 Nxd5 19. cxd5 Qa7+ 20. Kh1 Bxg5 21. Nxg5 h6
22. Nf3 Qe7 23. Nxe5 Qxe5 24. Qf3 Ra7 25. Qf4 Qxf4 26. Rxf4 Bd7 27. Rf2 a5 28.
Rfc2 axb4 29. axb4 Ra4 30. Rb2 Ra3 31. Be2 f5 32. exf5 Bxf5 33. Bxb5 Be4 34. Bc6
Rxh3+ 35. Kg1 Rg3 36. b5 Rd3 37. b6 Kh7 38. b7 Rb8 39. Bd7 Rxd5 40. Bc6 Rd4 41.
Bxe4+ Rxe4 42. Rc8 Re8 43. Rxe8 1-0

[Event "15th LCC Super Rapid 2025"]
[Site "London ENG"]
[Date "2025.12.06"]
[Round "5.40"]
[White "Emms, John M"]
[Black "Li, Harvey"]
[Result "1-0"]
[WhiteTitle "GM"]
[WhiteElo "2412"]
[BlackElo "1878"]
[WhiteFideId "400254"]
[BlackFideId "343407790"]
[EventDate "2025.12.06"]

1. e4 e6 2. d4 d5 3. Nd2 c5 4. exd5 Qxd5 5. Ngf3 cxd4 6. Bc4 Qd7 7. O-O Nf6 8.
Nb3 a6 9. Nbxd4 Qc7 10. Qe2 Be7 11. Ne5 O-O 12. Bf4 Bd6 13. Rad1 Rd8 14. Bg3 b5
15. Bb3 Nd5 16. Rfe1 Rf8 17. Bxd5 exd5 18. Qf3 Be6 19. Nf5 Bxf5 20. Qxf5 Nc6 21.
Nxc6 Qxc6 22. Qxd5 Qxd5 23. Rxd5 Bxg3 24. hxg3 Rac8 25. c3 Rfd8 26. Red1 Rxd5
27. Rxd5 Kf8 28. Rd6 a5 29. Rb6 Rc5 30. Kf1 b4 31. cxb4 Rc1+ 32. Ke2 Rc2+ 33.
Ke3 Rxb2 34. bxa5 Rxa2 35. a6 Ke7 36. Rb7+ Ke6 37. a7 h6 38. g4 g6 39. Kd4 f6
40. Kc5 h5 41. gxh5 gxh5 42. Rh7 Ra1 43. Kc6 Rc1+ 44. Kb7 Rb1+ 45. Kc8 Rc1+ 46.
Kb8 Rb1+ 47. Rb7 Ra1 48. a8=Q Rxa8+ 49. Kxa8 Kf5 50. Rg7 Kf4 51. Kb7 Kf5 52. Kc6
Kf4 53. Kd5 f5 54. Ke6 h4 55. Kf6 Ke4 56. Kg5 h3 57. gxh3 Kf3 58. Kxf5 Kxf2 59.
Kf4 Ke2 60. h4 Kf2 61. h5 Ke2 62. h6 Kd3 63. h7 Kd4 64. h8=Q Kd5 65. Qd8+ Kc5
66. Rc7+ Kb4 67. Qb8+ Ka5 68. Ra7# 1-0

[Event "15th LCC Super Rapid 2025"]
[Site "London ENG"]
[Date "2025.12.06"]
[Round "5.41"]
[White "Brett, Andrew R"]
[Black "Badacsonyi, Stanley"]
[Result "0-1"]
[BlackTitle "FM"]
[WhiteElo "2034"]
[BlackElo "2316"]
[WhiteFideId "416460"]
[BlackFideId "486973"]
[EventDate "2025.12.06"]

1. d4 Nf6 2. c4 g6 3. Nc3 Bg7 4. e4 d6 5. h3 O-O 6. Nf3 e5 7. d5 Nh5 8. Be3 f5
9. exf5 gxf5 10. Ng5 Nf6 11. Ne6 Bxe6 12. dxe6 Nc6 13. Bg5 Nd4 14. g4 Nxe6 15.
Bh4 fxg4 16. hxg4 Qe8 17. Bd3 e4 18. Bc2 Qg6 19. g5 Nxg5 20. Nd5 Rf7 21. Nxf6+
Qxf6 22. Bg3 Re8 23. Kf1 e3 24. Kg2 exf2 25. Qd3 h6 26. Raf1 Ne4 27. Rh3 Qg5 28.
Kh2 Nxg3 29. Qh7+ Kf8 30. Rxg3 Be5 0-1

[Event "15th LCC Super Rapid 2025"]
[Site "London ENG"]
[Date "2025.12.06"]
[Round "5.42"]
[White "Bryant, Harry"]
[Black "Timmermans, Mark"]
[Result "1/2-1/2"]
[WhiteTitle "CM"]
[BlackTitle "IM"]
[WhiteElo "2209"]
[BlackElo "2409"]
[WhiteFideId "489158"]
[BlackFideId "1026399"]
[EventDate "2025.12.06"]

1. e4 e5 2. Nf3 Nc6 3. Bc4 Nf6 4. d3 Be7 5. O-O O-O 6. Nc3 d6 7. h3 Kh8 8. Be3
Ng8 9. d4 f5 10. dxe5 fxe4 11. Nxe4 Rxf3 12. exd6 cxd6 13. Bxg8 Rxe3 14. Bxh7
Kxh7 15. Qh5+ Kg8 16. Qd5+ Kh7 17. Qh5+ Kg8 18. Qd5+ 1/2-1/2